| 000 -LEADER |
| fixed length control field |
04332cam a2200505 i 4500 |
| 001 - CONTROL NUMBER |
| control field |
22351336 |
| 005 - DATE AND TIME OF LATEST TRANSACTION |
| control field |
20241029095354.0 |
| 008 - FIXED-LENGTH DATA ELEMENTS--GENERAL INFORMATION |
| fixed length control field |
211214s2020 nyua b 001 0 eng c |
| 010 ## - LIBRARY OF CONGRESS CONTROL NUMBER |
| LC control number |
2021443011 |
| 016 7# - NATIONAL BIBLIOGRAPHIC AGENCY CONTROL NUMBER |
| Record control number |
101778180 |
| Source |
DNLM |
| 016 7# - NATIONAL BIBLIOGRAPHIC AGENCY CONTROL NUMBER |
| Record control number |
020022121 |
| Source |
Uk |
| 020 ## - INTERNATIONAL STANDARD BOOK NUMBER |
| International Standard Book Number |
9781260460698 |
| Qualifying information |
paperback |
| 035 ## - SYSTEM CONTROL NUMBER |
| System control number |
(OCoLC)on1030339925 |
| 040 ## - CATALOGING SOURCE |
| Original cataloging agency |
NLM |
| Language of cataloging |
eng |
| Transcribing agency |
NLM |
| Description conventions |
rda |
| Modifying agency |
BDX |
| -- |
YDXIT |
| -- |
OCLCF |
| -- |
DNJ |
| -- |
VAM |
| -- |
UKMGB |
| -- |
YDX |
| -- |
OCLCO |
| -- |
OCLCA |
| -- |
DLC |
| 042 ## - AUTHENTICATION CODE |
| Authentication code |
pcc |
| 050 00 - LIBRARY OF CONGRESS CALL NUMBER |
| Classification number |
RC871 |
| Item number |
.S53 2020 |
| 082 00 - DEWEY DECIMAL CLASSIFICATION NUMBER |
| Classification number |
616.6 |
| Author Mark |
SMI |
| 245 00 - TITLE STATEMENT |
| Title |
Smith & Tanagho's general urology / |
| Statement of responsibility, etc. |
edited by Jack W. McAninch, MD, FACS, FRCS(E)(HON), Tom F. Lue, MD, FACS, ScD(Hon). |
| 246 14 - VARYING FORM OF TITLE |
| Title proper/short title |
Smith and Tanagho's general urology |
| 246 3# - VARYING FORM OF TITLE |
| Title proper/short title |
General urology |
| 246 3# - VARYING FORM OF TITLE |
| Title proper/short title |
Smith and Tanagho's general urology |
| 250 ## - EDITION STATEMENT |
| Edition statement |
Nineteenth edition. |
| 264 #1 - PRODUCTION, PUBLICATION, DISTRIBUTION, MANUFACTURE, AND COPYRIGHT NOTICE |
| Place of production, publication, distribution, manufacture |
New York : |
| Name of producer, publisher, distributor, manufacturer |
McGraw-Hill, |
| Date of production, publication, distribution, manufacture, or copyright notice |
[2020] |
| 300 ## - PHYSICAL DESCRIPTION |
| Extent |
xi, 820 pages : |
| Other physical details |
illustrations ; |
| Dimensions |
23 cm |
| 336 ## - CONTENT TYPE |
| Content type term |
text |
| Content type code |
txt |
| Source |
rdacontent |
| 337 ## - MEDIA TYPE |
| Media type term |
unmediated |
| Media type code |
n |
| Source |
rdamedia |
| 338 ## - CARRIER TYPE |
| Carrier type term |
volume |
| Carrier type code |
nc |
| Source |
rdacarrier |
| 500 ## - GENERAL NOTE |
| General note |
"A LANGE medical book." |
| 500 ## - GENERAL NOTE |
| General note |
Revised edition of: Smith & Tanagho's general urology / edited by Jack W. McAninch, Tom F. Lue. 18th ed. ©2013. |
| 504 ## - BIBLIOGRAPHY, ETC. NOTE |
| Bibliography, etc. note |
Includes bibliographical references and index. |
| 505 0# - FORMATTED CONTENTS NOTE |
| Formatted contents note |
Anatomy of the genitourinary tract -- Embryology of the genitourinary system -- Symptoms of disorders of the genitourinary tract -- Physical examination of the genitourinary tract -- Urologic laboratory examination -- Radiology of the urinary tract -- Vascular interventional radiology -- Retrograde instrumentation of the urinary tract -- Percutaneous endourology and ureterorenoscopy -- Laparoscopic surgery -- Robotic surgery in urology -- Urinary obstruction & stasis -- Vesicoureteral reflux -- Bacterial infections of the genitourinary tract -- Specific infections of the genitourinary tract -- Sexually transmitted infections -- Urinary stone disease -- Injuries to the genitourinary tract -- Urothelial carcinoma: cancers of the bladder, ureter, and renal pelvis -- Renal parenchymal neoplasms -- Cancer of the prostate gland -- Genital tumors -- Urinary diversion and bladder substitutions -- Systemic therapy of urologic tumors -- Immunotherapy in urologic malignancies -- Radiotherapy of urologic tumors -- Neurophysiology and pharmacology of the lower urinary tract -- Neurogenic bladder -- Urodynamics -- Urinary incontinence -- Disorders of the adrenal glands -- Disorders of the kidneys -- Diagnosis of medical renal diseases -- Acute kidney injury and oliguria -- Chronic kidney disease and renal replacement therapy -- Renal transplantation -- Disorders of the ureter and ureteropelvic junction -- Disorders of the bladder, prostate, and seminal vesicles -- Male sexual dysfunction -- Women's sexual health -- Disorders of the penis and male urethra -- Disorders of the female urethra -- Disorders of sex development -- Male infertility -- The aging male -- Genital gender-affirming surgery: patient care, decision making, and surgery options -- History and physical examination in pediatric urology -- Introduction to clinical research design. |
| 520 ## - SUMMARY, ETC. |
| Summary, etc. |
"Smith & Tanagho's General Urology, Nineteenth Edition offers a complete overview of the diagnosis and treatment of the diseases and disorders managed by urologic surgeons. This trusted classic delivers a clear, concise presentation of the etiology, pathogenesis, clinical findings, differential diagnosis, and medical and surgical treatment of all major urologic conditions. The well-organized, user-friendly design makes relevant clinical information and management guidelines easy to find and simple to implement."--Publisher's description. |
| 590 ## - LOCAL NOTE (RLIN) |
| Local note |
Urology |
| 650 #0 - SUBJECT ADDED ENTRY--TOPICAL TERM |
| Topical term or geographic name entry element |
Urology. |
| 9 (RLIN) |
114291 |
| 650 12 - SUBJECT ADDED ENTRY--TOPICAL TERM |
| Topical term or geographic name entry element |
Urologic Diseases. |
| 9 (RLIN) |
126543 |
| 650 #7 - SUBJECT ADDED ENTRY--TOPICAL TERM |
| Topical term or geographic name entry element |
Urology. |
| Source of heading or term |
fast |
| Authority record control number or standard number |
(OCoLC)fst01163033 |
| 9 (RLIN) |
114291 |
| 700 1# - ADDED ENTRY--PERSONAL NAME |
| Personal name |
McAninch, Jack W., |
| Relator term |
editor. |
| 9 (RLIN) |
114155 |
| 700 1# - ADDED ENTRY--PERSONAL NAME |
| Personal name |
Lue, Tom F., |
| Relator term |
editor. |
| 9 (RLIN) |
126544 |
| 700 1# - ADDED ENTRY--PERSONAL NAME |
| Personal name |
Smith, Donald R. |
| Fuller form of name |
(Donald Ridgeway), |
| Dates associated with a name |
1909-1991. |
| 9 (RLIN) |
126545 |
| 730 0# - ADDED ENTRY--UNIFORM TITLE |
| Uniform title |
Smith's general urology. |
| 9 (RLIN) |
126546 |
| 906 ## - LOCAL DATA ELEMENT F, LDF (RLIN) |
| a |
7 |
| b |
cbc |
| c |
pccadap |
| d |
2 |
| e |
ncip |
| f |
20 |
| g |
y-gencatlg |
| 942 ## - ADDED ENTRY ELEMENTS (KOHA) |
| Source of classification or shelving scheme |
|
| Koha item type |
Book |